000 00388nam a22001217a 4500
999 _c9474
_d9474
003 OSt
008 201203b ||||| |||| 00| 0 eng d
245 _aIndian Journal Of Fiber And Textile Research
250 _a2009( Jun Vol.34 No.2, Sep Vol.34 No.3 Dec Vol.34 No.4 )
260 _aNew Delhi
_bNational Instt. Of Sci. Comm. And Info. Res.
650 _aTextile Engineering
942 _2ddc
_cBV